Hydraulic engineering /

Bewaard in:
Bibliografische gegevens
Hoofdauteur: Roberson, John A.
Formaat: Boek
Taal:English
Gepubliceerd in: New York : John Wiley and Sons, 1998.
Editie:2nd ed.
Onderwerpen:
Tags: Voeg label toe
Geen labels, Wees de eerste die dit record labelt!
Thư viện lưu trữ: Mạng thư viện Đại học Đà Nẵng
LEADER 01053cam a2200349 i 4500
001 000046237
003 5696
005 20030317144422.0
008 010220|1998 vm 000 eng
020 |a 0471124664 
040 |a IRC  |c IRC  |d IRC 
041 0 |a eng 
082 1 4 |a 627  |b RO-J 
100 1 |a Roberson, John A. 
245 0 0 |a Hydraulic engineering /  |c John A. Roberson. 
250 |a 2nd ed. 
260 |a New York :  |b John Wiley and Sons,  |c 1998. 
300 |a xii, 653p. :  |b ill., maps. 
630 0 4 |a Hydraulics. 
650 0 4 |a Hydraulic engineering. 
OWN |a DUT 
AVA |a UDN50  |b DUT  |c Book  |d 627 RO-J  |e available  |t Error 5001 Not defined in file expand_doc_bib_avail.  |f 1  |g 0  |h N  |i 0  |j SH  |k 1 
999 |a From the UDN01 
AVA |a UDN50  |b DUT  |c Book  |d 627 RO-J  |e available  |t Error 5001 Not defined in file expand_doc_bib_avail.  |f 1  |g 0  |h N  |i 0  |j SH  |k 1 
TYP |a Monograph 
TYP |a Printed language 
980 |a Mạng thư viện Đại học Đà Nẵng